000 00630nam a2200169Ia 4500
008 090201s9999 xx 000 0 und d
010 _aKPL-20583
040 _bमराठी
041 _aमराठी
082 _a23657
_b20583
100 _aसुधाकर भालेराव
245 _aकृत्रिम उपग्रह आणी अवकाश विज्ञान
_cसुधाकर भालेराव
260 _c2004
_bअ.ब.क.
300 _a136
_bमोठा
600 _aकृत्रिम उपग्रह आणी अवकाश विज्ञान
942 _cBOOK
999 _c223129
_d223129